A History Of Biu (Record no. 3694)

MARC details
000 -LEADER
fixed length control field 00374nam a22001457a 4500
008 - FIXED-LENGTH DATA ELEMENTS--GENERAL INFORMATION
fixed length control field 250528b |||||||| |||| 00| 0 eng d
020 ## - INTERNATIONAL STANDARD BOOK NUMBER
ISBN 9789785265682
100 ## - MAIN ENTRY--AUTHOR
Author Usman Bukav
245 ## - TITLE STATEMENT
Title A History Of Biu
260 ## - PUBLICATION, DISTRIBUTION, ETC. (IMPRINT)
Place of publication Abuja
Name of publisher Klamidas Communication Ltd.
Date of publication 2022
300 ## - COLLATION
Pagination 693p.
Other physical details illustration;
650 ## - TRACINGS
Main Subject History of Biu
942 ## - ADDED ENTRY ELEMENTS (KOHA)
Item type Books
050 ## - LIBRARY OF CONGRESS CALL NUMBER
Classification number D614
Item number .U84 2022
Holdings
Source of classification or shelving scheme Not for loan Permanent location Current location Date acquired Accession No. Full call number Barcode. Koha item type
Library of Congress Classification   Samuel Ogbemudia Main Library, University of Abuja Samuel Ogbemudia Main Library, University of Abuja 05/28/2025 2023/61190-94 D614.U86 2022 2025-2237 Books
Library of Congress Classification   Samuel Ogbemudia Main Library, University of Abuja Samuel Ogbemudia Main Library, University of Abuja 05/28/2025 2023/61190-94 D614.U86 2022 2025-2238 Books
Library of Congress Classification   Samuel Ogbemudia Main Library, University of Abuja Samuel Ogbemudia Main Library, University of Abuja 05/28/2025 2023/61190-94 D614.U86 2022 2025-2239 Books
Library of Congress Classification   Samuel Ogbemudia Main Library, University of Abuja Samuel Ogbemudia Main Library, University of Abuja 05/28/2025 2023/61190-94 D614.U86 2022 2025-2240 Books
Library of Congress Classification   Samuel Ogbemudia Main Library, University of Abuja Samuel Ogbemudia Main Library, University of Abuja 05/28/2025 2023/61190-94 D614.U86 2022 2025-2241 Books